| 000 | 00977nam a2200253 i 4500 | ||
|---|---|---|---|
| 001 | 187010 | ||
| 003 | SpMaBN | ||
| 005 | 20250827222023.0 | ||
| 008 | 170328s1994 sp |||| | spa d | ||
| 020 | _a84-7719-430-0 | ||
| 080 | _a811.111.1'25=134.2 | ||
| 080 | _a821.111.03=134.2 | ||
| 100 | 1 |
_aMerino Álvarez, Raquel. _9162206 |
|
| 245 | 1 | 0 |
_aTraducción, tradición y manipulación _b: teatro inglés en España, 1950-1990 / _cRaquel Merino Álvarez. |
| 260 |
_aLeón : _bUniversidad, Secretariado de Publicaciones ; _a[Lejona] : _bUniversidad del País Vasco, Servicio de Publicaciones, _c1994. |
||
| 300 |
_aVIII, 235 p. ; _c24 cm. |
||
| 504 | _aBibliografía: p. 187-235. | ||
| 650 | 7 |
_aLengua inglesa- _xTraducción al español. _9142780 |
|
| 650 | 4 |
_aLiteratura inglesa- _xTraducciones al español. _9162207 |
|
| 710 | 2 |
_aUniversidad de León. _97200 |
|
| 710 | 2 |
_aUniversidad del País Vasco _97367 |
|
| 852 |
_aES-MaACL _jL-31329 |
||
| 999 |
_c187010 _d187010 |
||